[Event "HUN-chT 2324"]
[Site "Hungary"]
[Date "2023.10.29"]
[Round "2.3"]
[White "Sipos, Istvan"]
[Black "Saric, Sinisa"]
[Result "1/2-1/2"]
[WhiteElo "2464"]
[BlackElo "2373"]
[PlyCount "61"]
[EventDate "2023.10.28"]
[EventType "team-tourn"]
[EventRounds "9"]
[EventCountry "HUN"]
[SourceTitle "Mega2024 Update 01"]
[Source "Chessbase"]
[SourceDate "2023.11.12"]
[SourceVersion "1"]
[SourceVersionDate "2023.11.12"]
[SourceQuality "1"]
[WhiteTeam "Biatorbagy"]
[BlackTeam "Mako Duocor"]
[WhiteTeamCountry "HUN"]
[BlackTeamCountry "HUN"]

1. e4 e5 2. Nf3 Nf6 3. Nxe5 d6 4. Nf3 Nxe4 5. Nc3 Nxc3 6. dxc3 Be7 7. Be3 Nc6 8. Qd2 Bf5 9. Bd3 Qd7 10. 0-0-0 0-0-0 11. Bxf5 Qxf5 12. Qd5 Qxd5 13. Rxd5 Bf6 14. Bg5 Bxg5+ 15. Nxg5 Rd7 16. Re1 h6 17. Nf3 Re7 18. Rxe7 Nxe7 19. Rd3 Nc6 20. Nd4 Nxd4 21. cxd4 d5 22. Kd2 Kd7 23. Re3 h5 24. h4 g6 25. a4 a5 26. Rf3 Ke6 27. Re3+ Kd7 28. Rf3 Ke6 29. Re3+ Kd7 30. Rf3 Ke6 31. Re3+ 1/2-1/2

[Event "SRB-chT Premier"]
[Site "Bajina Basta"]
[Date "2023.09.26"]
[Round "9.1"]
[White "Zajic, Milan"]
[Black "Saric, Sinisa"]
[Result "1-0"]
[WhiteElo "2407"]
[BlackElo "2370"]
[PlyCount "60"]
[EventDate "2023.09.18"]
[EventType "team-tourn"]
[EventRounds "11"]
[EventCountry "SRB"]
[SourceTitle "EXT 2024"]
[Source "ChessBase"]
[SourceDate "2023.10.10"]
[SourceVersion "1"]
[SourceVersionDate "2023.10.10"]
[SourceQuality "1"]
[WhiteTeam "Goracici Jelica"]
[BlackTeam "Kac Jugovic"]
[WhiteTeamCountry "SRB"]
[BlackTeamCountry "SRB"]

1. e4 e5 2. Nf3 Nf6 3. d4 Nxe4 4. Bd3 d5 5. Nxe5 Nd7 6. Nxd7 Bxd7 7. 0-0 Bd6 8. Nc3 Nxc3 9. bxc3 0-0 10. Qh5 f5 11. Re1 Qf6 12. Qf3 Bc6 13. Bf4 g6 14. g3 Rae8 15. Bh6 Rxe1+ 16. Rxe1 Rf7 17. h4 Re7 18. Rb1 Qe6 19. Kg2 a6 20. h5 Re8 21. Be3 Kg7 22. Re1 Kg8 23. Bd2 Qf7 24. Rh1 Bb5 25. hxg6 hxg6 26. g4 Bxd3 27. cxd3 fxg4 28. Rh8+ Kxh8 29. Qxf7 Re2 30. Bg5 Re3 1-0

[Event "SRB-chT Premier"]
[Site "Bajina Basta"]
[Date "2023.09.24"]
[Round "7.2"]
[White "Saric, Sinisa"]
[Black "Kovacevic, Aleksandar"]
[Result "1/2-1/2"]
[WhiteElo "2370"]
[BlackElo "2438"]
[PlyCount "61"]
[EventDate "2023.09.18"]
[EventType "team-tourn"]
[EventRounds "11"]
[EventCountry "SRB"]
[SourceTitle "EXT 2024"]
[Source "ChessBase"]
[SourceDate "2023.10.10"]
[SourceVersion "1"]
[SourceVersionDate "2023.10.10"]
[SourceQuality "1"]
[WhiteTeam "Kac Jugovic"]
[BlackTeam "Novi Sad SK"]
[WhiteTeamCountry "SRB"]
[BlackTeamCountry "SRB"]

1. d4 Nf6 2. c4 e6 3. Nc3 Bb4 4. Qb3 c5 5. dxc5 Nc6 6. Nf3 Ne4 7. Bd2 Nxd2 8. Nxd2 Bxc5 9. g3 0-0 10. Bg2 Be7 11. 0-0 a6 12. Rac1 Rb8 13. a3 b5 14. cxb5 axb5 15. Rfd1 Nd4 16. Qa2 b4 17. axb4 Rxb4 18. e3 Nb5 19. Nc4 Nxc3 20. bxc3 Rb5 21. Nd6 Bxd6 22. Rxd6 Qc7 23. Qd2 Rc5 24. h4 Rd8 25. Bf3 h6 26. Qd3 Bb7 27. Bxb7 Qxb7 28. Rd1 Rc7 29. Qd4 Qc8 30. Rd3 Rc4 31. Qa7 1/2-1/2

[Event "SRB-chT Premier"]
[Site "Bajina Basta"]
[Date "2023.09.22"]
[Round "5.3"]
[White "Stankovic, Milos"]
[Black "Saric, Sinisa"]
[Result "1/2-1/2"]
[WhiteElo "2467"]
[BlackElo "2370"]
[PlyCount "71"]
[EventDate "2023.09.18"]
[EventType "team-tourn"]
[EventRounds "11"]
[EventCountry "SRB"]
[SourceTitle "EXT 2024"]
[Source "ChessBase"]
[SourceDate "2023.10.10"]
[SourceVersion "1"]
[SourceVersionDate "2023.10.10"]
[SourceQuality "1"]
[WhiteTeam "Elemir Naftagas"]
[BlackTeam "Kac Jugovic"]
[WhiteTeamCountry "SRB"]
[BlackTeamCountry "SRB"]

1. e4 e5 2. Nf3 Nf6 3. Nxe5 d6 4. Nf3 Nxe4 5. d4 d5 6. Bd3 Bd6 7. 0-0 0-0 8. c4 c6 9. Nc3 Nxc3 10. bxc3 dxc4 11. Bxc4 Bg4 12. h3 Bh5 13. Re1 Nd7 14. g4 Bg6 15. Ne5 b5 16. Nxg6 hxg6 17. Bf1 Nb6 18. Qf3 Qd7 19. Bg2 Nd5 20. a4 a6 21. Bd2 Rfe8 22. Rxe8+ Rxe8 23. Qd3 Nb6 24. axb5 axb5 25. Ra6 Bc7 26. Kf1 Re6 27. h4 Qc8 28. Ra1 Qd8 29. Bg5 Qd6 30. Ra7 Bd8 31. Bxd8 Qxd8 32. Qg3 Nd5 33. Rb7 Re8 34. Kg1 Qc8 35. Ra7 Qe6 36. Ra1 1/2-1/2

[Event "SRB-chT Premier"]
[Site "Bajina Basta"]
[Date "2023.09.21"]
[Round "4.4"]
[White "Saric, Sinisa"]
[Black "Jovanovic, Dusan D"]
[Result "1/2-1/2"]
[WhiteElo "2370"]
[BlackElo "2393"]
[PlyCount "147"]
[EventDate "2023.09.18"]
[EventType "team-tourn"]
[EventRounds "11"]
[EventCountry "SRB"]
[SourceTitle "EXT 2024"]
[Source "ChessBase"]
[SourceDate "2023.10.10"]
[SourceVersion "1"]
[SourceVersionDate "2023.10.10"]
[SourceQuality "1"]
[WhiteTeam "Kac Jugovic"]
[BlackTeam "Kostolac Rudar"]
[WhiteTeamCountry "SRB"]
[BlackTeamCountry "SRB"]

1. d4 Nf6 2. c4 e6 3. Nc3 Bb4 4. Qb3 a5 5. a3 Bxc3+ 6. Qxc3 Nc6 7. Bg5 h6 8. Bh4 d6 9. e3 g5 10. Bg3 Ne4 11. Qc2 f5 12. Bd3 Nxg3 13. hxg3 Qf6 14. Ne2 e5 15. d5 Nb8 16. Nc3 Na6 17. g4 fxg4 18. Ne4 Qe7 19. Qa4+ Bd7 20. Qxa5 b6 21. Qc3 Nc5 22. Nxc5 bxc5 23. 0-0-0 Qf6 24. Rdf1 Rf8 25. Qc2 Ke7 26. Be2 Bf5 27. e4 Bd7 28. g3 Qg6 29. Rh2 Rf6 30. Rfh1 Kf7 31. Rxh6 Qxh6 32. Rxh6 Rxh6 33. Qd1 Rah8 34. Kd2 Rf6 35. Ke3 Rb8 36. Qc2 Kg6 37. b3 Rff8 38. Bd1 Rb6 39. Kd3 Rbb8 40. Qd2 Ra8 41. Qb2 Ra7 42. Ke3 Rfa8 43. a4 Rb7 44. Qe2 Rab8 45. Qe1 Ra7 46. Kd3 Raa8 47. Kc3 Rb7 48. Be2 Rf8 49. Bd1 Rf7 50. Kd3 Rb4 51. Ke3 Rf8 52. Qh1 Rbb8 53. Qg2 Rb4 54. Kd2 Rbb8 55. Kd3 Rf7 56. Qg1 Rff8 57. Qe1 Rb4 58. Ke3 Rf7 59. Qc3 Rh7 60. Qe1 Rf7 61. Kd3 Rf8 62. Kc2 Rf7 63. Qe3 Rb8 64. Kd2 Rh8 65. Qe1 Rb8 66. Kd3 Rb4 67. Ke3 Rf8 68. Qh1 Rbb8 69. Qf1 Rf7 70. Qd3 Rh7 71. Qf1 Rf7 72. Qd3 Rh7 73. Qf1 Rf7 74. Qd3 1/2-1/2

[Event "Vojvodina op 13th"]
[Site "Novi Sad"]
[Date "2023.07.04"]
[Round "8"]
[White "Manea, Alexandru"]
[Black "Saric, Sinisa"]
[Result "1/2-1/2"]
[WhiteElo "2319"]
[BlackElo "2389"]
[PlyCount "100"]
[EventDate "2023.06.29"]
[EventType "swiss"]
[EventRounds "9"]
[EventCountry "SRB"]
[SourceTitle "CBM 215 Extra"]
[Source "ChessBase"]
[SourceDate "2023.09.30"]
[SourceVersion "1"]
[SourceVersionDate "2023.09.30"]
[SourceQuality "1"]

1. e4 e5 2. Nc3 Nf6 3. Bc4 Nxe4 4. Qh5 Nd6 5. Bb3 Be7 6. Qxe5 0-0 7. Nge2 Nc6 8. Qf4 Bg5 9. Qf3 Re8 10. 0-0 b6 11. d4 Ba6 12. Rd1 Qf6 13. Bxg5 Qxg5 14. h3 Bxe2 15. Nxe2 Qf5 16. Qxf5 Nxf5 17. Kf1 Re4 18. c3 Rae8 19. Bc4 Nfe7 20. Ng3 Rh4 21. Re1 Kf8 22. Re2 Rd8 23. Rae1 g6 24. a3 Rf4 25. Ba2 d5 26. b4 Rd7 27. Bb1 Nd8 28. Re3 Ne6 29. Ne2 Rf6 30. Bc2 h5 31. Nc1 c5 32. Ba4 Rc7 33. dxc5 bxc5 34. Nd3 d4 35. cxd4 cxd4 36. R3e2 Rc3 37. Ne5 Kg7 38. Bd7 Nf4 39. Rd2 Rxa3 40. Rxd4 Ra2 41. Nf3 Ned5 42. g3 Ne6 43. Bxe6 fxe6 44. Kg2 Rb2 45. Ree4 Kh6 46. h4 a6 47. Rc4 Kg7 48. Rcd4 Kh6 49. Re5 Kg7 50. Ree4 Kh6 1/2-1/2

[Event "Vojvodina op 13th"]
[Site "Novi Sad"]
[Date "2023.07.01"]
[Round "4"]
[White "Vaz, Ethan"]
[Black "Saric, Sinisa"]
[Result "1-0"]
[WhiteElo "2226"]
[BlackElo "2389"]
[PlyCount "87"]
[EventDate "2023.06.29"]
[EventType "swiss"]
[EventRounds "9"]
[EventCountry "SRB"]
[SourceTitle "CBM 215 Extra"]
[Source "ChessBase"]
[SourceDate "2023.09.30"]
[SourceVersion "1"]
[SourceVersionDate "2023.09.30"]
[SourceQuality "1"]

1. e4 d5 2. exd5 Qxd5 3. Nc3 Qd6 4. d4 Nf6 5. Nf3 c6 6. g3 Bf5 7. Bg2 h6 8. 0-0 e6 9. Re1 Be7 10. Bf4 Qd8 11. Ne5 Nbd7 12. Qe2 0-0 13. a3 Rc8 14. Rad1 Nd5 15. Nxd5 cxd5 16. c3 Nxe5 17. Bxe5 Qb6 18. h4 Rfe8 19. Rd2 Qb3 20. g4 Bh7 21. Bg3 b5 22. Bf1 Qc4 23. Qe3 Qc6 24. g5 h5 25. Qe2 a6 26. Qxh5 Bf5 27. Bd3 g6 28. Qf3 Bd6 29. Be5 Bxe5 30. Rxe5 Kg7 31. Bxf5 gxf5 32. h5 Rh8 33. Rde2 Rcg8 34. Qh3 Kf8 35. f4 Qc4 36. Kf2 Rh7 37. Re1 Rgh8 38. h6 Rg8 39. Qxf5 Rg6 40. Rxe6 Rxe6 41. Rxe6 Qc8 42. Qxh7 Qxe6 43. Qh8+ Ke7 44. Qe5 1-0

[Event "HUN-chT 2223"]
[Site "Hungary"]
[Date "2023.04.22"]
[Round "8.2"]
[White "Nemeth, Miklos"]
[Black "Saric, Sinisa"]
[Result "1/2-1/2"]
[WhiteElo "2469"]
[BlackElo "2375"]
[PlyCount "41"]
[EventDate "2022.11.20"]
[EventType "team-tourn"]
[EventRounds "9"]
[EventCountry "HUN"]
[SourceTitle "EXT 2024"]
[Source "ChessBase"]
[SourceDate "2023.10.10"]
[SourceVersion "1"]
[SourceVersionDate "2023.10.10"]
[SourceQuality "1"]
[WhiteTeam "Haladas"]
[BlackTeam "Mako Duocor"]
[WhiteTeamCountry "HUN"]
[BlackTeamCountry "HUN"]

1. e4 d5 2. exd5 Qxd5 3. Nc3 Qa5 4. g3 Nf6 5. Bg2 c6 6. Nge2 g6 7. d4 Bg7 8. 0-0 0-0 9. Bf4 Nbd7 10. Qd2 Re8 11. Rfe1 Nb6 12. b3 Bf5 13. h3 Rad8 14. Qc1 c5 15. dxc5 Qxc5 16. Be3 Qa5 17. Bd2 Qc5 18. Be3 Qa5 19. Bd2 Qc5 20. Be3 Qa5 21. Bd2 1/2-1/2

[Event "HUN-chT 2223"]
[Site "Hungary"]
[Date "2023.01.29"]
[Round "4.3"]
[White "Nenezic, Marko"]
[Black "Saric, Sinisa"]
[Result "1/2-1/2"]
[WhiteElo "2510"]
[BlackElo "2375"]
[PlyCount "137"]
[EventDate "2022.11.20"]
[EventType "team-tourn"]
[EventRounds "9"]
[EventCountry "HUN"]
[SourceTitle "CBM 213 Extra"]
[Source "ChessBase"]
[SourceDate "2023.05.31"]
[SourceVersion "1"]
[SourceVersionDate "2023.05.31"]
[SourceQuality "1"]
[WhiteTeam "Kobanya Aquarena"]
[BlackTeam "Mako Duocor"]
[WhiteTeamCountry "HUN"]
[BlackTeamCountry "HUN"]

1. d4 Nf6 2. c4 g6 3. Nc3 Bg7 4. e4 d6 5. Be2 0-0 6. Nf3 e5 7. 0-0 Na6 8. Re1 Bg4 9. Be3 exd4 10. Bxd4 Re8 11. h3 Bd7 12. Bd3 c5 13. Be3 Bc6 14. Bf4 Qb6 15. Qd2 Rad8 16. a3 Nc7 17. Rab1 Ne6 18. Bh2 Nd4 19. Nxd4 cxd4 20. Nd5 Bxd5 21. exd5 Nd7 22. b4 Ne5 23. Rec1 Nxd3 24. Qxd3 Qa6 25. Bf4 Rd7 26. Qb3 b6 27. Re1 Rc8 28. Re4 h6 29. b5 Qb7 30. Rbe1 Kh7 31. Re8 Qc7 32. Rxc8 Qxc8 33. h4 Qd8 34. h5 Re7 35. hxg6+ fxg6 36. Qb4 Be5 37. Bd2 Qe8 38. f4 Bf6 39. Qb1 Kg7 40. Rxe7+ Qxe7 41. Qd3 Kf7 42. Kf2 h5 43. a4 Qd7 44. Bb4 Bh4+ 45. Kf1 Bf6 46. Qe4 Bg7 47. a5 bxa5 48. Bxa5 Qc8 49. Qe6+ Qxe6 50. dxe6+ Kxe6 51. Ke2 Bf8 52. Kd3 d5 53. Kxd4 dxc4 54. Kxc4 Bd6 55. Bd2 Bc7 56. Be3 Bb6 57. Bxb6 axb6 58. Kd4 Kf5 59. Kd5 Kxf4 60. Kc6 Kg3 61. Kxb6 h4 62. Ka6 Kxg2 63. b6 h3 64. b7 h2 65. b8Q h1Q 66. Qb7+ Kg1 67. Qb6+ Kh2 68. Qxg6 Qg2 69. Qxg2+ 1/2-1/2

[Event "SRB-chT Premier"]
[Site "Vrnjacka Banja"]
[Date "2022.09.30"]
[Round "11.2"]
[White "Saric, Sinisa"]
[Black "Gagunashvili, Merab"]
[Result "0-1"]
[WhiteElo "2372"]
[BlackElo "2552"]
[PlyCount "92"]
[EventDate "2022.09.20"]
[EventType "team-tourn"]
[EventRounds "11"]
[EventCountry "SRB"]
[SourceTitle "CBM 210 Extra"]
[Source "ChessBase"]
[SourceDate "2022.11.30"]
[SourceVersion "1"]
[SourceVersionDate "2022.11.30"]
[SourceQuality "1"]
[WhiteTeam "Kac Jugovic"]
[BlackTeam "Belgrade Zmaj"]
[WhiteTeamCountry "SRB"]
[BlackTeamCountry "SRB"]

1. d4 d5 2. c4 c6 3. Nc3 Nf6 4. e3 e6 5. Nf3 a6 6. Bd2 dxc4 7. Bxc4 c5 8. 0-0 Nc6 9. dxc5 Bxc5 10. Rc1 0-0 11. Qc2 Qe7 12. a3 Bd7 13. Rfd1 Rac8 14. Be1 Rfd8 15. Ne4 Nxe4 16. Qxe4 Be8 17. h4 Rxd1 18. Rxd1 Rd8 19. Rxd8 Nxd8 20. Ng5 g6 21. Bc3 Nc6 22. Qf3 Bd6 23. Qe4 h6 24. Nf3 b5 25. Ba2 b4 26. axb4 Bxb4 27. h5 Bxc3 28. bxc3 g5 29. Nd4 Nxd4 30. cxd4 Qd6 31. d5 Bd7 32. dxe6 Qd1+ 33. Kh2 Qxh5+ 34. Kg1 Qd1+ 35. Kh2 Qd6+ 36. g3 Bxe6 37. Bb1 Bd7 38. Bd3 a5 39. Qa8+ Kg7 40. Be4 a4 41. Bd5 h5 42. e4 Qb6 43. Kg2 h4 44. g4 Qc7 45. Kh1 Bxg4 46. e5 Qxe5 0-1

[Event "SRB-chT Premier"]
[Site "Vrnjacka Banja"]
[Date "2022.09.29"]
[Round "10.5"]
[White "Saric, Sinisa"]
[Black "Kovacevic, Aleksandar"]
[Result "0-1"]
[WhiteElo "2372"]
[BlackElo "2471"]
[PlyCount "142"]
[EventDate "2022.09.20"]
[EventType "team-tourn"]
[EventRounds "11"]
[EventCountry "SRB"]
[SourceTitle "CBM 210 Extra"]
[Source "ChessBase"]
[SourceDate "2022.11.30"]
[SourceVersion "1"]
[SourceVersionDate "2022.11.30"]
[SourceQuality "1"]
[WhiteTeam "Kac Jugovic"]
[BlackTeam "Novi Sad SK"]
[WhiteTeamCountry "SRB"]
[BlackTeamCountry "SRB"]

1. d4 Nf6 2. c4 e6 3. Nc3 Bb4 4. Qc2 d5 5. cxd5 exd5 6. Bg5 c5 7. dxc5 h6 8. Bh4 0-0 9. e3 Be6 10. Nf3 Nbd7 11. Be2 Rc8 12. 0-0 Nxc5 13. a3 Bxc3 14. Qxc3 g5 15. Bg3 Nfe4 16. Qe1 Nxg3 17. hxg3 Nb3 18. Rd1 Qb6 19. Bd3 Rfe8 20. Qb4 Qxb4 21. axb4 Bg4 22. Bb1 Rc4 23. Rxd5 Rxb4 24. Rfd1 Be6 25. Rd8 Kf8 26. Ne5 Nc5 27. Rxe8+ Kxe8 28. Rd2 Na4 29. Nd3 Rb5 30. Bc2 Nb6 31. Bd1 Ke7 32. e4 Bc4 33. Ne1 Rb4 34. f3 a5 35. Kf2 a4 36. f4 Bb5 37. Rc2 Bc6 38. Bf3 g4 39. Nd3 Rb3 40. Nc5 gxf3 41. Nxb3 axb3 42. Rc3 Na4 43. Rxb3 fxg2 44. Kxg2 Nc5 45. Ra3 f5 46. b4 Bxe4+ 47. Kh3 Nd3 48. b5 Kd6 49. Rc3 Nf2+ 50. Kh4 Bd3 51. b6 Be4 52. Kh5 Ng4 53. Kg6 Kd5 54. Rc1 Kd4 55. Rc7 Ke3 56. Rc3+ Kf2 57. Kh5 Ne3 58. Kxh6 Nf1 59. Kg5 Nxg3 60. Ra3 Ne2 61. Rh3 Ng1 62. Rh7 Nf3+ 63. Kf6 Nd4 64. Rh3 Kg2 65. Ra3 Kf2 66. Rh3 Ke2 67. Ra3 Nc6 68. Ke6 Nb4 69. Ra7 Nd3 70. Kf6 Nxf4 71. Ke5 Ke3 0-1

[Event "SRB-chT Premier"]
[Site "Vrnjacka Banja"]
[Date "2022.09.28"]
[Round "9.3"]
[White "Ratkovic, Milovan"]
[Black "Saric, Sinisa"]
[Result "0-1"]
[WhiteElo "2411"]
[BlackElo "2372"]
[PlyCount "72"]
[EventDate "2022.09.20"]
[EventType "team-tourn"]
[EventRounds "11"]
[EventCountry "SRB"]
[SourceTitle "CBM 210 Extra"]
[Source "ChessBase"]
[SourceDate "2022.11.30"]
[SourceVersion "1"]
[SourceVersionDate "2022.11.30"]
[SourceQuality "1"]
[WhiteTeam "Elemir Naftagas"]
[BlackTeam "Kac Jugovic"]
[WhiteTeamCountry "SRB"]
[BlackTeamCountry "SRB"]

1. d4 Nf6 2. c4 g6 3. Nc3 Bg7 4. e4 0-0 5. Be3 d6 6. f3 a6 7. Qd2 Nbd7 8. h4 c5 9. g4 cxd4 10. Bxd4 Ne5 11. h5 Be6 12. hxg6 hxg6 13. 0-0-0 Qc7 14. Kb1 Nxc4 15. Qh2 Rfc8 16. Nh3 Ne5 17. Be2 Bc4 18. Nf4 Bxe2 19. Qxe2 e6 20. g5 Nh7 21. Qg2 Qd8 22. Nh3 Nc4 23. Bxg7 Kxg7 24. Qh2 Qh8 25. Nf4 Kg8 26. Rc1 Rc5 27. Na4 Rc6 28. Qe2 Rac8 29. Nd3 b5 30. Nc3 Qd4 31. Nb4 Nd2+ 32. Ka1 Rxc3 33. Rxc3 Rxc3 34. Qh2 Nxg5 35. Qh6 Ndxf3 36. e5 Qxe5 0-1

[Event "SRB-chT Premier"]
[Site "Vrnjacka Banja"]
[Date "2022.09.25"]
[Round "6.3"]
[White "Saric, Sinisa"]
[Black "Boskovic, Drasko"]
[Result "0-1"]
[WhiteElo "2372"]
[BlackElo "2415"]
[PlyCount "106"]
[EventDate "2022.09.20"]
[EventType "team-tourn"]
[EventRounds "11"]
[EventCountry "SRB"]
[SourceTitle "CBM 210 Extra"]
[Source "ChessBase"]
[SourceDate "2022.11.30"]
[SourceVersion "1"]
[SourceVersionDate "2022.11.30"]
[SourceQuality "1"]
[WhiteTeam "Kac Jugovic"]
[BlackTeam "Subotica Spartak"]
[WhiteTeamCountry "SRB"]
[BlackTeamCountry "SRB"]

1. d4 Nf6 2. c4 g6 3. Nc3 d5 4. cxd5 Nxd5 5. e4 Nxc3 6. bxc3 Bg7 7. Nf3 c5 8. Bb5+ Nc6 9. 0-0 0-0 10. Be3 Bg4 11. Bxc6 bxc6 12. Rc1 Qa5 13. Qc2 Bxf3 14. gxf3 Rad8 15. dxc5 Qc7 16. Rfd1 Be5 17. h3 Bf4 18. Qe2 Qe5 19. Bxf4 Qxf4 20. Qe3 Qe5 21. Kg2 Qe6 22. a4 Qb3 23. Rd4 e5 24. Rd6 Qxa4 25. Qg5 Qa5 26. Rxc6 Rc8 27. Rxc8 Rxc8 28. Qxe5 Rxc5 29. Qf6 Rc8 30. Rd1 Qc7 31. h4 h5 32. Rd5 Re8 33. Qd4 Qe7 34. Kg3 a5 35. Kg2 Ra8 36. Rd7 Qxh4 37. Qd5 Rf8 38. Qxa5 Qf4 39. Qc7 Qf6 40. f4 Qe6 41. f3 Qa2+ 42. Kg3 h4+ 43. Kxh4 Qf2+ 44. Kg4 Qg2+ 45. Kh4 Qh2+ 46. Kg5 Qh5+ 47. Kf6 Re8 48. Rxf7 Qh4+ 49. Kxg6 Re6+ 50. Kf5 Qh3+ 51. Kg5 Qh6+ 52. Kg4 Rg6+ 53. Kf5 Qh5# 0-1

[Event "Novi Sad Serbia op-A"]
[Site "Novi Sad"]
[Date "2022.06.30"]
[Round "3"]
[White "Saric, Sinisa"]
[Black "Gkavardinas, Antonios"]
[Result "1-0"]
[WhiteElo "2403"]
[BlackElo "2010"]
[PlyCount "53"]
[EventDate "2022.06.28"]
[EventType "swiss"]
[EventRounds "9"]
[EventCountry "SRB"]
[SourceTitle "EXT 2023"]
[Source "ChessBase"]
[SourceDate "2022.10.05"]
[SourceVersion "1"]
[SourceVersionDate "2022.10.05"]
[SourceQuality "1"]

1. d4 d5 2. c4 e6 3. Nc3 Be7 4. cxd5 exd5 5. Bf4 c6 6. Qc2 Bd6 7. Bxd6 Qxd6 8. e3 Ne7 9. Bd3 b6 10. Nf3 Ba6 11. 0-0 Bxd3 12. Qxd3 0-0 13. e4 dxe4 14. Nxe4 Qd5 15. Rfe1 Ng6 16. Nc3 Qd6 17. h4 Nd7 18. h5 Nf4 19. Qf5 g6 20. Ne4 Qc7 21. Qxd7 Qxd7 22. Nf6+ Kg7 23. Nxd7 Rfd8 24. Nde5 Rd6 25. h6+ Kg8 26. g3 Ne6 27. Nxc6 1-0

[Event "Novi Sad Serbia op-A"]
[Site "Novi Sad"]
[Date "2022.06.28"]
[Round "1"]
[White "Saric, Sinisa"]
[Black "Joshua, AP."]
[Result "1/2-1/2"]
[WhiteElo "2403"]
[BlackElo "2163"]
[PlyCount "71"]
[EventDate "2022.06.28"]
[EventType "swiss"]
[EventRounds "9"]
[EventCountry "SRB"]
[SourceTitle "EXT 2023"]
[Source "ChessBase"]
[SourceDate "2022.10.05"]
[SourceVersion "1"]
[SourceVersionDate "2022.10.05"]
[SourceQuality "1"]

1. d4 d5 2. c4 e6 3. Nc3 Nf6 4. cxd5 exd5 5. Bg5 c6 6. Qc2 h6 7. Bh4 Be7 8. e3 0-0 9. Bd3 Re8 10. Nge2 Nbd7 11. 0-0 a5 12. f3 b5 13. Kh1 Ba6 14. Rad1 b4 15. Bxa6 Rxa6 16. Qd3 Ra7 17. Na4 c5 18. dxc5 Nxc5 19. Nxc5 Bxc5 20. Nd4 Qb6 21. Bxf6 Qxf6 22. Qb5 Rc8 23. Rc1 Rac7 24. Qxa5 Qb6 25. Qxb6 Bxb6 26. Rxc7 Rxc7 27. Kg1 Bxd4 28. exd4 Rc2 29. Rb1 Kf8 30. a4 Ke7 31. b3 Kd6 32. Re1 Rc3 33. Rb1 Rc2 34. Re1 Rc3 35. Rb1 Rc2 36. Re1 1/2-1/2

[Event "BL2-Nord 2122"]
[Site "Germany"]
[Date "2022.03.06"]
[Round "2.6"]
[White "Polischuk, Viktor"]
[Black "Saric, Sinisa"]
[Result "0-1"]
[WhiteElo "2287"]
[BlackElo "2411"]
[PlyCount "140"]
[EventDate "2022.03.05"]
[EventType "team-tourn"]
[EventRounds "10"]
[EventCountry "GER"]
[SourceTitle "EXT 2023"]
[Source "ChessBase"]
[SourceDate "2022.10.05"]
[SourceVersion "1"]
[SourceVersionDate "2022.10.05"]
[SourceQuality "1"]
[WhiteTeam "Norderstedt"]
[BlackTeam "Kirchweyhe"]
[WhiteTeamCountry "GER"]
[BlackTeamCountry "GER"]

1. e4 d5 2. exd5 Qxd5 3. Nc3 Qd6 4. Bc4 Nf6 5. d4 Nc6 6. Nge2 Bf5 7. Bf4 e5 8. dxe5 Nxe5 9. Qxd6 Bxd6 10. Bb3 0-0-0 11. 0-0-0 Rhe8 12. f3 Be6 13. Bg5 Bxb3 14. axb3 Be7 15. Rhe1 Rxd1+ 16. Kxd1 Nfg4 17. Bxe7 Ne3+ 18. Kc1 Rxe7 19. Nf4 Nf5 20. Kb1 Ng6 21. Rxe7 Ngxe7 22. Ne4 h6 23. Nd3 Nh4 24. Ne1 f5 25. Nc5 b6 26. Ne6 g5 27. g3 Nhg6 28. Kc1 Kd7 29. Nd4 c5 30. Ne2 Nd5 31. Kd2 h5 32. Nc3 Nxc3 33. Kxc3 f4 34. gxf4 Nxf4 35. Kd2 Ke6 36. Ke3 Kf5 37. Kf2 Ne6 38. Ke3 Nf4 39. Kf2 Ke5 40. Ke3 Nd5+ 41. Ke2 Nf4+ 42. Ke3 b5 43. Kd2 b4 44. c3 a5 45. Ke3 bxc3 46. bxc3 c4 47. bxc4 a4 48. Nc2 Ne6 49. Na3 Nc5 50. Nb5 Nb3 51. Na3 Na5 52. Kd3 Kf4 53. Ke2 Nc6 54. c5 Ke5 55. Nc4+ Kf4 56. Na3 Ne5 57. Nb5 Nc6 58. Na3 Na5 59. Nb1 Ke5 60. Kd3 Kd5 61. Na3 Kxc5 62. Ke4 Nc4 63. Nb1 Kd6 64. Kf5 Ne5 65. Kxg5 Nxf3+ 66. Kxh5 Nxh2 67. Kg5 Ke5 68. Nd2 Kd5 69. Kf4 a3 70. Ke3 Nf1+ 0-1

[Event "HUN-chT 2122"]
[Site "Hungary"]
[Date "2022.02.27"]
[Round "7.2"]
[White "Saric, Sinisa"]
[Black "Perunovic, Milos"]
[Result "1/2-1/2"]
[WhiteElo "2413"]
[BlackElo "2541"]
[PlyCount "62"]
[EventDate "2021.10.10"]
[EventType "team-tourn"]
[EventRounds "9"]
[EventCountry "HUN"]
[SourceTitle "EXT 2023"]
[Source "ChessBase"]
[SourceDate "2022.10.05"]
[SourceVersion "1"]
[SourceVersionDate "2022.10.05"]
[SourceQuality "1"]
[WhiteTeam "Mako Duocor"]
[BlackTeam "Paks"]
[WhiteTeamCountry "HUN"]
[BlackTeamCountry "HUN"]

1. d4 Nf6 2. Nf3 e6 3. g3 c5 4. Bg2 cxd4 5. 0-0 d5 6. Nxd4 e5 7. Nb3 Be6 8. c4 Nc6 9. cxd5 Nxd5 10. Bd2 Be7 11. Nc3 0-0 12. Nxd5 Bxd5 13. Bc3 Bxg2 14. Kxg2 Qxd1 15. Rfxd1 Rfd8 16. Na5 Nxa5 17. Bxa5 b6 18. Bc3 f6 19. e4 Kf7 20. f4 exf4 21. gxf4 Rxd1 22. Rxd1 Rd8 23. Rxd8 Bxd8 24. Kf3 b5 25. b3 Bb6 26. Kg4 g6 27. f5 Bc7 28. h3 h5+ 29. Kf3 g5 30. Bd4 a6 31. Bc3 Be5 1/2-1/2

[Event "SRB-chT Premier"]
[Site "Vrnjacka Banja"]
[Date "2021.09.12"]
[Round "7.4"]
[White "Todorovic, Goran M"]
[Black "Saric, Sinisa"]
[Result "1/2-1/2"]
[WhiteElo "2374"]
[BlackElo "2403"]
[PlyCount "74"]
[EventDate "2021.09.07"]
[EventType "team-tourn"]
[EventRounds "11"]
[EventCountry "SRB"]
[SourceTitle "CBM 204 Extra"]
[Source "ChessBase"]
[SourceDate "2021.11.30"]
[SourceVersion "1"]
[SourceVersionDate "2021.11.30"]
[SourceQuality "1"]
[WhiteTeam "Valjevo 2005"]
[BlackTeam "Kac Jugovic"]
[WhiteTeamCountry "SRB"]
[BlackTeamCountry "SRB"]

1. e4 d5 2. exd5 Qxd5 3. Nc3 Qd6 4. d4 Nf6 5. Nf3 g6 6. Nb5 Qd8 7. Bf4 Nd5 8. Qd2 a6 9. Nc3 Nxf4 10. Qxf4 Bg7 11. 0-0-0 Qd6 12. Ne5 0-0 13. Bc4 Qf6 14. Qg3 b5 15. Bb3 Bb7 16. Rhe1 Qd6 17. h4 Nd7 18. Qh3 Rad8 19. f4 e6 20. h5 Nxe5 21. dxe5 Qe7 22. hxg6 hxg6 23. Rh1 Rxd1+ 24. Nxd1 Rd8 25. Ne3 Qb4 26. Qg3 Qd2+ 27. Kb1 c5 28. c3 Be4+ 29. Ka1 Rd3 30. Qh4 Rxe3 31. Rd1 Qxg2 32. Rd8+ Bf8 33. Rxf8+ Kxf8 34. Qd8+ Kg7 35. Qf6+ Kg8 36. Qd8+ Kh7 37. Qh4+ Kg8 1/2-1/2

[Event "SRB-chT Premier"]
[Site "Vrnjacka Banja"]
[Date "2021.09.10"]
[Round "4.2"]
[White "Saric, Sinisa"]
[Black "Stojanovic, Mihajlo"]
[Result "1/2-1/2"]
[WhiteElo "2403"]
[BlackElo "2500"]
[PlyCount "20"]
[EventDate "2021.09.07"]
[EventType "team-tourn"]
[EventRounds "11"]
[EventCountry "SRB"]
[SourceTitle "CBM 204 Extra"]
[Source "ChessBase"]
[SourceDate "2021.11.30"]
[SourceVersion "1"]
[SourceVersionDate "2021.11.30"]
[SourceQuality "1"]
[WhiteTeam "Kac Jugovic"]
[BlackTeam "Elemir Naftagas"]
[WhiteTeamCountry "SRB"]
[BlackTeamCountry "SRB"]

1. d4 Nf6 2. c4 e6 3. Nc3 Bb4 4. Qc2 0-0 5. e4 d5 6. e5 Ne4 7. Bd3 c5 8. Nf3 cxd4 9. Nxd4 Nd7 10. Bf4 Qh4 1/2-1/2